[Event "WchT Seniors 65"]
[Site "Struga"]
[Date "2023.09.26"]
[Round "7.2"]
[White "Alkkiomaki, Jyrki"]
[Black "James, Kevin"]
[Result "0-1"]
[WhiteElo "1910"]
[BlackElo "1792"]
[PlyCount "48"]
[EventDate "2023.09.19"]
[EventType "team-swiss"]
[EventRounds "9"]
[EventCountry "MKD"]
[SourceTitle "EXT 2024"]
[Source "ChessBase"]
[SourceDate "2023.10.10"]
[SourceVersion "1"]
[SourceVersionDate "2023.10.10"]
[SourceQuality "1"]
[WhiteTeam "Finland Turku 65"]
[BlackTeam "Ireland 65"]
[WhiteTeamCountry "FIN"]
[BlackTeamCountry "IRL"]

1. e4 c6 2. d4 d5 3. exd5 cxd5 4. Bd3 Nc6 5. c3 Qc7 6. h3 Nf6 7. Nf3 g6 8. 0-0 Bf5 9. Re1 Bxd3 10. Qxd3 Bg7 11. Ne5 0-0 12. Nd2 e6 13. Ndf3 Rfc8 14. Nxc6 bxc6 15. Ne5 c5 16. dxc5 Qxc5 17. Be3 Qc7 18. Bd4 a5 19. Ng4 Nxg4 20. Bxg7 Nxf2 21. Qe4 Nxh3+ 22. gxh3 Qg3+ 23. Kf1 Rc4 24. Qe5 Rf4+ 0-1

[Event "WchT Seniors 65"]
[Site "Rhodes"]
[Date "2019.04.20"]
[Round "5.10"]
[White "Van Herck, Marcel"]
[Black "Alkkiomaki, Jyrki"]
[Result "1-0"]
[WhiteElo "2066"]
[BlackElo "1908"]
[PlyCount "72"]
[EventDate "2019.04.16"]
[EventType "team-swiss"]
[EventRounds "9"]
[EventCountry "GRE"]
[SourceTitle "CBM 190 Extra"]
[Source "ChessBase"]
[SourceDate "2019.07.15"]
[SourceVersion "1"]
[SourceVersionDate "2019.07.15"]
[SourceQuality "1"]
[WhiteTeam "Belgium"]
[BlackTeam "Turku"]
[WhiteTeamCountry "BEL"]
[BlackTeamCountry "FIN"]

1. e4 e5 2. Nf3 Nc6 3. Bb5 a6 4. Ba4 Nf6 5. 0-0 Be7 6. d4 Nxd4 7. Nxd4 exd4 8. e5 Nd5 9. Qg4 Bf8 10. Qxd4 c6 11. Bb3 Nc7 12. Nc3 Ne6 13. Bxe6 dxe6 14. Qg4 Qc7 15. Bf4 Bd7 16. Ne4 0-0-0 17. Rfd1 h6 18. h4 g6 19. Rd3 f5 20. exf6 e5 21. Rxd7 Rxd7 22. Bg3 g5 23. hxg5 hxg5 24. Qxg5 Rdh7 25. Qf5+ Qd7 26. Qxd7+ Kxd7 27. Rd1+ Kc8 28. Kf1 Rh1+ 29. Ke2 Rxd1 30. Kxd1 Rh1+ 31. Ke2 Rg1 32. Kf3 Rc1 33. Bxe5 Rxc2 34. g4 Kd7 35. g5 Ke6 36. g6 Kd5 1-0

[Event "WchT Seniors 65"]
[Site "Rhodes"]
[Date "2019.04.18"]
[Round "3.10"]
[White "Alkkiomaki, Jyrki"]
[Black "Grahn, Lars"]
[Result "0-1"]
[WhiteElo "1908"]
[BlackElo "1985"]
[PlyCount "36"]
[EventDate "2019.04.16"]
[EventType "team-swiss"]
[EventRounds "9"]
[EventCountry "GRE"]
[SourceTitle "CBM 190 Extra"]
[Source "ChessBase"]
[SourceDate "2019.07.15"]
[SourceVersion "1"]
[SourceVersionDate "2019.07.15"]
[SourceQuality "1"]
[WhiteTeam "Turku"]
[BlackTeam "Sweden II"]
[WhiteTeamCountry "FIN"]
[BlackTeamCountry "SWE"]

1. e4 Nf6 2. e5 Nd5 3. d4 d6 4. Nf3 dxe5 5. Nxe5 c6 6. c4 Nf6 7. Nc3 Bf5 8. Be3 e6 9. Qb3 Qc8 10. Be2 Bd6 11. 0-0 0-0 12. Nf3 Qc7 13. Rac1 Nbd7 14. g3 h6 15. d5 Ng4 16. Nh4 Nxe3 17. fxe3 Bh3 18. Rf2 Bxg3 0-1

[Event "WchT Seniors 65"]
[Site "Rhodes"]
[Date "2019.04.17"]
[Round "2.9"]
[White "Hvenekilde, Jorgen"]
[Black "Alkkiomaki, Jyrki"]
[Result "1/2-1/2"]
[WhiteElo "2046"]
[BlackElo "1908"]
[PlyCount "43"]
[EventDate "2019.04.16"]
[EventType "team-swiss"]
[EventRounds "9"]
[EventCountry "GRE"]
[SourceTitle "CBM 190 Extra"]
[Source "ChessBase"]
[SourceDate "2019.07.15"]
[SourceVersion "1"]
[SourceVersionDate "2019.07.15"]
[SourceQuality "1"]
[WhiteTeam "Norresundby"]
[BlackTeam "Turku"]
[WhiteTeamCountry "DEN"]
[BlackTeamCountry "FIN"]

1. d4 d5 2. Nf3 Nf6 3. Bf4 e6 4. e3 c5 5. c3 Nc6 6. Bd3 Be7 7. Nbd2 Bd7 8. h3 Qb6 9. Rb1 c4 10. Bc2 Qa5 11. a3 b5 12. Bh2 Qd8 13. 0-0 0-0 14. Ne5 Nxe5 15. dxe5 Ne8 16. Nf3 g6 17. Nd4 Ng7 18. g4 f5 19. f4 Bc5 20. Bg3 a5 21. Be1 a4 22. Qd2 1/2-1/2

[Event "Jyvaskyla Winter op-B 40th"]
[Site "Jyvaskyla"]
[Date "2019.02.03"]
[Round "5"]
[White "Niemi, Olavi"]
[Black "Alkkiomaki, Jyrki"]
[Result "1-0"]
[WhiteElo "1993"]
[BlackElo "1928"]
[PlyCount "67"]
[EventDate "2019.02.01"]
[EventType "swiss"]
[EventRounds "5"]
[EventCountry "FIN"]
[SourceTitle "EXT 2021"]
[Source "ChessBase"]
[SourceDate "2020.10.23"]
[SourceVersion "1"]
[SourceVersionDate "2020.10.23"]
[SourceQuality "1"]

1. e4 e5 2. Nf3 Nc6 3. Bb5 a6 4. Ba4 Nf6 5. d3 d6 6. h3 b5 7. Bb3 Be7 8. c3 0-0 9. 0-0 Na5 10. Bc2 c5 11. Be3 Nc6 12. Nbd2 d5 13. exd5 Nxd5 14. Re1 Nxe3 15. Rxe3 Qc7 16. Rc1 f5 17. Re1 Bd7 18. Nf1 Rad8 19. Bb3+ c4 20. dxc4 Be6 21. Qe2 e4 22. Nd4 Nxd4 23. cxd4 bxc4 24. Bxc4 Bxc4 25. Rxc4 Qa5 26. b3 Rfe8 27. Rd1 Bf6 28. Rc5 Qb4 29. Rxf5 Bxd4 30. Kh1 Qb6 31. Ng3 e3 32. fxe3 Rxe3 33. Qc4+ Qe6 34. Rxd4 1-0

[Event "Jyvaskyla Winter op-B 40th"]
[Site "Jyvaskyla"]
[Date "2019.02.02"]
[Round "2"]
[White "Tiiva, Eetu"]
[Black "Alkkiomaki, Jyrki"]
[Result "1-0"]
[WhiteElo "1859"]
[BlackElo "1928"]
[PlyCount "67"]
[EventDate "2019.02.01"]
[EventType "swiss"]
[EventRounds "5"]
[EventCountry "FIN"]
[SourceTitle "EXT 2021"]
[Source "ChessBase"]
[SourceDate "2020.10.23"]
[SourceVersion "1"]
[SourceVersionDate "2020.10.23"]
[SourceQuality "1"]

1. c4 e6 2. g3 d5 3. Bg2 Nf6 4. Nf3 c5 5. 0-0 Nc6 6. b3 Be7 7. e3 d4 8. exd4 Nxd4 9. Bb2 0-0 10. Re1 Rb8 11. Nxd4 cxd4 12. d3 b6 13. Nd2 Re8 14. Nf3 Bc5 15. b4 Bxb4 16. Nxd4 Bxe1 17. Nc6 Bxf2+ 18. Kxf2 Qd6 19. Be5 Qc5+ 20. d4 Qxc4 21. Nxb8 Nd5 22. Qb3 Qxb3 23. axb3 f6 24. Bf4 g5 25. Bd2 a5 26. Bxd5 exd5 27. Re1 Kf7 28. b4 Be6 29. Na6 Re7 30. Rc1 a4 31. Nc7 Bg4 32. Be3 Rd7 33. Nb5 h6 34. Ra1 1-0

[Event "Tampere TammerSh fall-B"]
[Site "Tampere"]
[Date "2018.10.14"]
[Round "4"]
[White "Miettinen, Teemu"]
[Black "Alkkiomaki, Jyrki"]
[Result "1/2-1/2"]
[WhiteElo "1991"]
[BlackElo "1937"]
[PlyCount "136"]
[EventDate "2018.10.13"]
[EventType "swiss"]
[EventRounds "4"]
[EventCountry "FIN"]
[SourceTitle "EXT 2021"]
[Source "ChessBase"]
[SourceDate "2020.10.23"]
[SourceVersion "1"]
[SourceVersionDate "2020.10.23"]
[SourceQuality "1"]

1. e4 e5 2. Nf3 Nc6 3. Bb5 a6 4. Ba4 Nf6 5. 0-0 Be7 6. d3 b5 7. Bb3 d6 8. c3 0-0 9. h3 Na5 10. Bc2 c5 11. Re1 Nc6 12. Nbd2 Re8 13. Nf1 Bf8 14. Ng3 g6 15. Qe2 Bg7 16. Be3 Bb7 17. a4 b4 18. Nd2 a5 19. Bb3 Ba6 20. Rad1 Rb8 21. Bc4 Bxc4 22. Nxc4 bxc3 23. bxc3 d5 24. Na3 d4 25. cxd4 Nxd4 26. Bxd4 Qxd4 27. Nc4 Rb4 28. Qc2 Qd8 29. Ne2 Bf8 30. Nc3 Nh5 31. Nd5 Rb8 32. Qd2 Nf4 33. Nxf4 Bh6 34. Qxa5 Qxa5 35. Nxa5 exf4 36. Nc4 Bg7 37. e5 Re6 38. Re4 g5 39. g3 fxg3 40. fxg3 f5 41. Re2 Rbe8 42. Rde1 R8e7 43. Kg2 Ra7 44. a5 Rae7 45. Kf3 Kf7 46. g4 f4 47. Nd6+ Kg6 48. Nc4 Rd7 49. Rd1 Rd5 50. Re4 Bxe5 51. a6 Kf6 52. Nxe5 Rexe5 53. Rxe5 Kxe5 54. a7 Rd8 55. Ra1 Ra8 56. Ra4 Kd5 57. h4 h6 58. hxg5 hxg5 59. Ke2 Ke5 60. Kd2 Kd6 61. Kc3 Kc6 62. Ra6+ Kb5 63. Rg6 Rxa7 64. Rxg5 Ra3+ 65. Kd2 Ra2+ 66. Ke1 Ra4 67. Rf5 Rd4 68. Ke2 f3+ 1/2-1/2

[Event "EU-chT Seniors 65"]
[Site "Walbrzych"]
[Date "2018.04.20"]
[Round "7.3"]
[White "Heikkila, Raine"]
[Black "Alkkiomaki, Jyrki"]
[Result "0-1"]
[WhiteElo "1705"]
[BlackElo "1967"]
[PlyCount "86"]
[EventDate "2018.04.14"]
[EventType "team-swiss"]
[EventRounds "9"]
[EventCountry "POL"]
[SourceTitle "CBM 184 Extra"]
[Source "ChessBase"]
[SourceDate "2018.06.28"]
[SourceVersion "1"]
[SourceVersionDate "2018.06.28"]
[SourceQuality "1"]
[WhiteTeam "Finland Karhut 65"]
[BlackTeam "Finland Turku 65"]
[WhiteTeamCountry "FIN"]
[BlackTeamCountry "FIN"]

1. d4 d5 2. Nc3 Nf6 3. Nf3 e6 4. a3 c5 5. Bg5 Nc6 6. e3 Be7 7. dxc5 Bxc5 8. Bb5 Bd7 9. 0-0 Be7 10. Ne2 a6 11. Ba4 0-0 12. c3 Rc8 13. Bc2 Re8 14. h3 Qc7 15. Bf4 e5 16. Bg5 Be6 17. Rc1 Na5 18. Bh4 Nc4 19. Rb1 h6 20. Bg3 Bd6 21. Nd2 b5 22. Nxc4 bxc4 23. Bh4 Be7 24. Bg3 Nd7 25. Ba4 Red8 26. Nd4 Nc5 27. Nxe6 Nxe6 28. Bc2 g6 29. Qg4 h5 30. Qe2 Bf6 31. Rfd1 Qc6 32. Rd2 d4 33. exd4 exd4 34. Be4 Qc5 35. Bxg6 dxc3 36. Rxd8+ Nxd8 37. Bxh5 cxb2 38. Bg4 c3 39. Qc2 Rc6 40. a4 Ne6 41. Bxe6 Rxe6 42. Kh2 Qc4 43. f4 Qe4 0-1

[Event "EU-chT Seniors 65"]
[Site "Walbrzych"]
[Date "2018.04.16"]
[Round "3.3"]
[White "Alkkiomaki, Jyrki"]
[Black "Staechelin, Ruedi"]
[Result "0-1"]
[WhiteElo "1967"]
[BlackElo "2091"]
[PlyCount "82"]
[EventDate "2018.04.14"]
[EventType "team-swiss"]
[EventRounds "9"]
[EventCountry "POL"]
[SourceTitle "CBM 184 Extra"]
[Source "ChessBase"]
[SourceDate "2018.06.28"]
[SourceVersion "1"]
[SourceVersionDate "2018.06.28"]
[SourceQuality "1"]
[WhiteTeam "Finland Turku 65"]
[BlackTeam "Switzerland 65"]
[WhiteTeamCountry "FIN"]
[BlackTeamCountry "SUI"]

1. e4 d6 2. d4 Nf6 3. Nc3 Nbd7 4. Nf3 e5 5. Be2 Be7 6. b3 c6 7. Bb2 Qc7 8. Qd2 h6 9. 0-0-0 a6 10. Kb1 b5 11. Bd3 Bb7 12. Rhe1 0-0-0 13. Qe2 Rhe8 14. a4 Bf8 15. d5 b4 16. dxc6 Qxc6 17. Nd5 Nxd5 18. exd5 Qb6 19. Bc4 Kb8 20. Bc1 Rc8 21. Be3 Nc5 22. g4 Be7 23. Bxc5 Rxc5 24. Qe4 Bf6 25. Nd4 Rec8 26. Nf5 Rh8 27. Ne3 Bg5 28. Rf1 g6 29. Ng2 Bc8 30. h4 f5 31. Qe2 Bf6 32. f3 Ka7 33. Rh1 h5 34. g5 Bg7 35. f4 e4 36. Ne3 Bd7 37. Ka2 Rb8 38. Rh2 Qa5 39. c3 bxc3 40. Rb1 Bxa4 41. b4 Bb3+ 0-1

[Event "FIN-chT2 Gp3 1718"]
[Site "Finland"]
[Date "2017.09.16"]
[Round "1.5"]
[White "Alkkiomaki, Jyrki"]
[Black "Kaseva, Janne"]
[Result "0-1"]
[WhiteElo "1963"]
[BlackElo "1884"]
[PlyCount "72"]
[EventDate "2017.09.16"]
[EventType "team-tourn"]
[EventRounds "7"]
[EventCountry "FIN"]
[SourceTitle "EXT 2020"]
[Source "ChessBase"]
[SourceDate "2019.10.17"]
[SourceVersion "1"]
[SourceVersionDate "2019.10.17"]
[SourceQuality "1"]
[WhiteTeam "Turku SY"]
[BlackTeam "Loimaa SK"]
[WhiteTeamCountry "FIN"]
[BlackTeamCountry "FIN"]

1. e4 c6 2. d4 d5 3. exd5 cxd5 4. c4 Nf6 5. Nc3 Nc6 6. Nf3 e6 7. Bd3 dxc4 8. Bxc4 a6 9. 0-0 Be7 10. Re1 0-0 11. Bg5 b5 12. Bd3 Bb7 13. Rc1 h6 14. Bf4 Bd6 15. Qd2 Bxf4 16. Qxf4 Nb4 17. Bb1 Bxf3 18. gxf3 Nbd5 19. Nxd5 Nxd5 20. Qe4 Nf6 21. Qe5 Rc8 22. Rc5 Nd7 23. Qe4 g6 24. Rxc8 Qxc8 25. Qf4 Kg7 26. Qd6 Nf6 27. Qc5 Rd8 28. Rc1 Qa8 29. Kg2 Rd5 30. Qc6 Qd8 31. Rd1 Nh5 32. Be4 Nf4+ 33. Kf1 Rh5 34. Qc1 Qg5 35. Qe3 Rxh2 36. Ke1 Ng2+ 0-1

[Event "EU-chT Seniors 65"]
[Site "Novi Sad"]
[Date "2017.06.25"]
[Round "1.3"]
[White "Mashayekh, Majid"]
[Black "Alkkiomaki, Jyrki"]
[Result "1/2-1/2"]
[WhiteElo "1919"]
[BlackElo "1958"]
[PlyCount "73"]
[EventDate "2017.06.25"]
[EventType "team-tourn"]
[EventRounds "9"]
[EventCountry "SRB"]
[SourceTitle "CBM 179 Extra"]
[Source "ChessBase"]
[SourceDate "2017.08.23"]
[SourceVersion "1"]
[SourceVersionDate "2017.08.23"]
[SourceQuality "1"]
[WhiteTeam "England 65"]
[BlackTeam "Finland Turku 65"]
[WhiteTeamCountry "ENG"]
[BlackTeamCountry "FIN"]

1. d4 d5 2. c4 e6 3. Nf3 c5 4. e3 Nf6 5. Nc3 Nc6 6. dxc5 Bxc5 7. a3 0-0 8. Be2 dxc4 9. 0-0 e5 10. Qxd8 Rxd8 11. Bxc4 a6 12. b4 Bd6 13. Ng5 Rf8 14. Bb2 h6 15. Nge4 Nxe4 16. Nxe4 Be7 17. Rfd1 Kh8 18. Nd6 Bxd6 19. Rxd6 Bf5 20. Rad1 f6 21. Bd5 Rac8 22. e4 Bh7 23. f3 Rfd8 24. Bxc6 Rxd6 25. Rxd6 Rxc6 26. Rxc6 bxc6 27. Kf2 Kg8 28. Ke3 Kf8 29. f4 exf4+ 30. Kxf4 Ke7 31. Ke3 Kd6 32. Kd4 Bg8 33. Bc1 Bb3 34. Bf4+ Ke6 35. h4 g5 36. Bg3 Bc2 37. hxg5 1/2-1/2

[Event "Turku We TSY"]
[Site "Turku"]
[Date "2017.03.24"]
[Round "1"]
[White "Friebe, Jimmy"]
[Black "Alkkiomaki, Jyrki"]
[Result "1/2-1/2"]
[WhiteElo "1941"]
[BlackElo "1969"]
[PlyCount "49"]
[EventDate "2017.03.24"]
[EventType "swiss"]
[EventRounds "5"]
[EventCountry "FIN"]
[SourceTitle "EXT 2022"]
[Source "ChessBase"]
[SourceDate "2021.10.06"]
[SourceVersion "1"]
[SourceVersionDate "2021.10.06"]
[SourceQuality "1"]

1. e4 e5 2. Bc4 Nf6 3. d3 Bc5 4. Nc3 c6 5. Nf3 0-0 6. 0-0 d6 7. Na4 Nbd7 8. Nxc5 Nxc5 9. b4 Ne6 10. Bxe6 Bxe6 11. Bg5 h6 12. Bh4 Bg4 13. d4 g5 14. Bg3 Nxe4 15. dxe5 Nxg3 16. fxg3 Bxf3 17. Qxf3 dxe5 18. Qh5 Qd6 19. Rad1 Qe6 20. h4 Qg6 21. Qxg6+ fxg6 22. Rd6 Rxf1+ 23. Kxf1 Kf7 24. Ke2 Re8 25. Ke3 1/2-1/2

[Event "FIN-chT2 Gp2 1617"]
[Site "Finland"]
[Date "2017.02.04"]
[Round "6.3"]
[White "Alkkiomaki, Jyrki"]
[Black "Lahdelma, Henri"]
[Result "0-1"]
[WhiteElo "1971"]
[BlackElo "1910"]
[PlyCount "64"]
[EventDate "2016.09.17"]
[EventType "team-tourn"]
[EventRounds "7"]
[EventCountry "FIN"]
[SourceTitle "EXT 2019"]
[Source "ChessBase"]
[SourceDate "2018.10.10"]
[SourceVersion "1"]
[SourceVersionDate "2018.10.10"]
[SourceQuality "1"]
[WhiteTeam "Turku SY"]
[BlackTeam "Espoo MatSK III"]
[WhiteTeamCountry "FIN"]
[BlackTeamCountry "FIN"]

1. e4 e6 2. d4 d5 3. Nc3 Nf6 4. Bg5 Bb4 5. e5 h6 6. Bd2 Bxc3 7. bxc3 Ne4 8. Qg4 Kf8 9. h4 Nxd2 10. Kxd2 c5 11. Rh3 Qe7 12. Ne2 g6 13. Rf3 Ke8 14. Nf4 Nc6 15. Bb5 cxd4 16. Bxc6+ bxc6 17. Nd3 dxc3+ 18. Kxc3 c5 19. Qa4+ Bd7 20. Qa5 Qxh4 21. Rf4 Qd8 22. Qa3 Qb6 23. Kd2 Rc8 24. Kc1 c4 25. Ne1 g5 26. Rf3 Rb8 27. c3 d4 28. cxd4 Qxd4 29. Nc2 Qxe5 30. Qxa7 Qb2+ 31. Kd1 Rd8 32. Rc1 Bc6+ 0-1

[Event "Lahti We LahS A"]
[Site "Lahti"]
[Date "2016.07.16"]
[Round "2"]
[White "Alkkiomaki, Jyrki"]
[Black "Gronroos, Matti"]
[Result "1/2-1/2"]
[WhiteElo "1973"]
[BlackElo "1981"]
[PlyCount "85"]
[EventDate "2016.07.15"]
[EventType "swiss"]
[EventRounds "5"]
[EventCountry "FIN"]
[SourceTitle "EXT 2022"]
[Source "ChessBase"]
[SourceDate "2021.10.06"]
[SourceVersion "1"]
[SourceVersionDate "2021.10.06"]
[SourceQuality "1"]

1. e4 e5 2. Nf3 Nc6 3. Bb5 f5 4. d4 fxe4 5. Bxc6 dxc6 6. Nxe5 Qh4 7. 0-0 Nf6 8. f3 Bd6 9. Nc3 exf3 10. Nxf3 Qh5 11. Qe2+ Kd8 12. Ne5 Qxe2 13. Nxe2 Be6 14. Nf4 Re8 15. Nxe6+ Rxe6 16. Bg5 Ke7 17. Rae1 c5 18. c3 cxd4 19. cxd4 c5 20. Ng4 Rf8 21. Nxf6 gxf6 22. Rxe6+ Kxe6 23. Be3 c4 24. Kf2 b5 25. Ke2 Rf7 26. h3 f5 27. Bf4 Bb4 28. Be5 Ba5 29. g4 Bb6 30. Ke3 Bd8 31. Rxf5 Rxf5 32. gxf5+ Kxf5 33. Kf3 a5 34. a3 Bg5 35. Bg7 c3 36. bxc3 Bc1 37. Bf8 Bb2 38. Bc5 Bxc3 39. Ke3 Bb2 40. Bb6 Bxa3 41. Bxa5 b4 42. Bxb4 Bxb4 43. Kf3 1/2-1/2

[Event "Lahti We LahS A"]
[Site "Lahti"]
[Date "2016.07.16"]
[Round "3"]
[White "Piho, Juha"]
[Black "Alkkiomaki, Jyrki"]
[Result "0-1"]
[WhiteElo "1888"]
[BlackElo "1973"]
[PlyCount "66"]
[EventDate "2016.07.15"]
[EventType "swiss"]
[EventRounds "5"]
[EventCountry "FIN"]
[SourceTitle "EXT 2022"]
[Source "ChessBase"]
[SourceDate "2021.10.06"]
[SourceVersion "1"]
[SourceVersionDate "2021.10.06"]
[SourceQuality "1"]

1. e4 e5 2. Nf3 Nc6 3. Bb5 a6 4. Ba4 Nf6 5. 0-0 Be7 6. Qe2 b5 7. Bb3 d6 8. c3 0-0 9. d4 exd4 10. cxd4 Bg4 11. Rd1 Na5 12. Bc2 Bh5 13. e5 Nd7 14. Nc3 Nc4 15. Nd5 Bg6 16. a4 c6 17. Nxe7+ Qxe7 18. b3 Na5 19. Re1 dxe5 20. axb5 axb5 21. dxe5 Nb7 22. Rxa8 Rxa8 23. Bg5 Qe8 24. Bxg6 hxg6 25. Nd4 Ndc5 26. h3 Ne6 27. Nf3 Nbc5 28. b4 Na6 29. Qd2 Nac7 30. Qd6 Nd5 31. Rc1 Rc8 32. Kh2 Nxg5 33. Nxg5 Rd8 0-1

[Event "WchT Seniors 65"]
[Site "Radebeul"]
[Date "2016.07.01"]
[Round "6.17"]
[White "Alkkiomaki, Jyrki"]
[Black "Appelt, Gerd"]
[Result "1/2-1/2"]
[WhiteElo "1973"]
[BlackElo "2011"]
[PlyCount "78"]
[EventDate "2016.06.26"]
[EventType "team-swiss"]
[EventRounds "9"]
[EventCountry "GER"]
[SourceTitle "CBM 173 Extra"]
[Source "ChessBase"]
[SourceDate "2016.08.29"]
[SourceVersion "1"]
[SourceVersionDate "2016.08.29"]
[SourceQuality "1"]
[WhiteTeam "Turku"]
[BlackTeam "Dresden TuR"]
[WhiteTeamCountry "FIN"]
[BlackTeamCountry "GER"]

1. e4 e5 2. Nf3 Nc6 3. Bb5 a6 4. Ba4 Nf6 5. 0-0 Nxe4 6. d4 exd4 7. Bxc6 bxc6 8. Qxd4 Nc5 9. Nc3 Ne6 10. Re1 Be7 11. Qc4 0-0 12. Be3 Bb7 13. Rad1 Qe8 14. Qg4 f5 15. Qa4 Bd6 16. Qb3 Qf7 17. Ng5 Nxg5 18. Bxg5 Rab8 19. Be7 Qxb3 20. axb3 Rfe8 21. Bxd6 cxd6 22. Re3 Rxe3 23. fxe3 d5 24. Na4 Bc8 25. Nc5 d6 26. Nd3 Be6 27. Ra1 Rb6 28. b4 g5 29. g3 Kg7 30. c3 Kg6 31. Kf2 Bc8 32. h4 h6 33. hxg5 hxg5 34. Rh1 Be6 35. Rh8 c5 36. Ra8 d4 37. exd4 cxd4 38. cxd4 Bc4 39. Ke3 Bxd3 1/2-1/2

[Event "Helsinki We HSK 130v A"]
[Site "Helsinki"]
[Date "2016.05.14"]
[Round "3"]
[White "Attefall, Fredrik"]
[Black "Alkkiomaki, Jyrki"]
[Result "1-0"]
[WhiteElo "2065"]
[BlackElo "1973"]
[PlyCount "97"]
[EventDate "2016.05.13"]
[EventType "swiss"]
[EventRounds "5"]
[EventCountry "FIN"]
[SourceTitle "EXT 2022"]
[Source "ChessBase"]
[SourceDate "2021.10.06"]
[SourceVersion "1"]
[SourceVersionDate "2021.10.06"]
[SourceQuality "1"]

1. c4 e6 2. g3 d5 3. Bg2 c5 4. Nf3 Nc6 5. 0-0 Nf6 6. d3 Be7 7. Bf4 0-0 8. Nc3 a6 9. Rc1 d4 10. Nb1 Nd7 11. Bd2 e5 12. Na3 f5 13. Nc2 e4 14. Nfe1 Nf6 15. Bg5 Qe8 16. e3 h6 17. Bf4 g5 18. Bc7 Be6 19. exd4 cxd4 20. Bb6 exd3 21. Nxd4 Nxd4 22. Bxd4 Rd8 23. Qxd3 Bc5 24. Nc2 Qf7 25. Qc3 Bxc4 26. Bxc5 Bxf1 27. Bxf1 Ne4 28. Bc4 Nxc3 29. Bxf7+ Rxf7 30. bxc3 Rd5 31. Bd4 f4 32. Nb4 Rb5 33. Nd3 fxg3 34. hxg3 Ra5 35. Rc2 Rb5 36. Ne5 Re7 37. f4 gxf4 38. gxf4 Rg7+ 39. Kf2 Rb1 40. Kf3 Rf1+ 41. Ke4 Rg3 42. Rh2 Kh7 43. Kf5 Rg5+ 44. Ke4 Re1+ 45. Kf3 Rf5 46. Ng4 h5 47. Ne3 Rf8 48. f5 Kh6 49. Rg2 1-0

[Event "Helsinki We HSK III Talviturnaus"]
[Site "Helsinki"]
[Date "2016.01.30"]
[Round "3"]
[White "Khanov, Pavel"]
[Black "Alkkiomaki, Jyrki"]
[Result "1/2-1/2"]
[WhiteElo "1872"]
[BlackElo "1972"]
[PlyCount "102"]
[EventDate "2016.01.29"]
[EventType "swiss"]
[EventRounds "5"]
[EventCountry "FIN"]
[SourceTitle "EXT 2022"]
[Source "ChessBase"]
[SourceDate "2021.10.06"]
[SourceVersion "1"]
[SourceVersionDate "2021.10.06"]
[SourceQuality "1"]

1. d4 d5 2. c4 e6 3. Nf3 c5 4. e3 Nf6 5. Nc3 Nc6 6. Be2 Be7 7. 0-0 0-0 8. a3 b6 9. dxc5 bxc5 10. Qc2 Bb7 11. Na4 d4 12. exd4 Nxd4 13. Nxd4 Qxd4 14. Be3 Qh4 15. f4 Be4 16. Qd1 Rfd8 17. Qe1 Qxe1 18. Rfxe1 Rac8 19. Nc3 Bc6 20. Rad1 Ne4 21. Nxe4 Bxe4 22. Kf2 Bc2 23. Rxd8+ Rxd8 24. Rc1 Ba4 25. b4 cxb4 26. axb4 Bxb4 27. Ra1 Bc2 28. Rxa7 Rc8 29. c5 h6 30. Ba6 Rc6 31. Bb5 Rc8 32. Bd7 Rxc5 33. Ra8+ Kh7 34. Bxc5 Bxc5+ 35. Kg3 g5 36. fxg5 hxg5 37. Ra5 Bd6+ 38. Kf2 Kg6 39. Kg1 Kf6 40. Kh1 Bg6 41. Bc6 Bf5 42. Ra7 Bc5 43. Rb7 e5 44. Bd5 Bg6 45. Rb5 Bd4 46. Ra5 e4 47. Ra3 e3 48. Bf3 Bf5 49. Be2 Be6 50. Ra6 Ke5 51. Ra5+ Kf6 1/2-1/2

[Event "FIN-chT2 Gp1 1516"]
[Site "Finland"]
[Date "2015.11.07"]
[Round "4.3"]
[White "Alkkiomaki, Jyrki"]
[Black "Pelto, Juho"]
[Result "1/2-1/2"]
[WhiteElo "1971"]
[BlackElo "2067"]
[PlyCount "65"]
[EventDate "2015.09.12"]
[EventType "team-tourn"]
[EventRounds "6"]
[EventCountry "FIN"]
[SourceTitle "EXT 2017"]
[Source "ChessBase"]
[SourceDate "2016.10.25"]
[SourceVersion "1"]
[SourceVersionDate "2016.10.25"]
[SourceQuality "1"]
[WhiteTeam "Turku SY"]
[BlackTeam "Salo SalSK II"]
[WhiteTeamCountry "FIN"]
[BlackTeamCountry "FIN"]

1. e4 c5 2. Nf3 Nc6 3. d4 cxd4 4. Nxd4 g6 5. c4 Bg7 6. Be3 Nf6 7. Nc3 0-0 8. Be2 b6 9. 0-0 Bb7 10. f3 e6 11. Qd2 d5 12. cxd5 exd5 13. Nxc6 Bxc6 14. e5 Ne8 15. f4 f6 16. Bd4 fxe5 17. fxe5 Nc7 18. Rxf8+ Qxf8 19. Bg4 Re8 20. Re1 Ne6 21. Bxe6+ Rxe6 22. Qg5 Qe7 23. Qe3 Qh4 24. g3 Qe7 25. a3 Qd7 26. Ne2 Bb5 27. Nf4 Bh6 28. Qf3 Bxf4 29. Qxf4 Bd3 30. Rd1 Be4 31. Bc3 Qf7 32. Rf1 Qxf4 33. Rxf4 1/2-1/2